| 000 | 00834cam a22002535a 4500 | ||
|---|---|---|---|
| 001 | 008797645 | ||
| 005 | 20201128024224.0 | ||
| 008 | 970818s1997 enka frb 001 0 eng d | ||
| 020 | _a085292657X | ||
| 020 | _a9780852926574 | ||
| 040 |
_aStDuBDS _dUk _dEG-ScBUE _beng |
||
| 082 | 0 | 4 |
_a658.3124 _222 _bHAR |
| 100 | 1 | _aHarrison, Rosemary. | |
| 245 | 1 | 0 |
_aEmployee development / _cRosemary Harrison. |
| 260 |
_aLondon : _bInstitute of Personnel and Development, _c1997. |
||
| 300 |
_axvii, 466 p. : _bill. ; _c25 cm. |
||
| 490 | 0 | _aPeople and organisations | |
| 504 | _aIncludes bibliographical references and index. | ||
| 650 | 7 |
_aEmployees _xTraining of. _2BUEsh _933927 |
|
| 650 | 7 |
_aPersonnel management. _2BUEsh _9994 |
|
| 653 |
_bGGEN _bBUSADM _cJanuary2018 |
||
| 710 | 2 | _aInstitute of Personnel and Development. | |
| 942 | _2ddc | ||
| 999 |
_c25977 _d25949 |
||